Pays, Capitales, Drapeaux - Spécial Europe - Statistiques

Statistiques générales
  • Ce quiz a été pris 1 055 fois
    445 depuis la dernière actualisation
  • Le résultat moyen est 33 sur 45
Statistiques - réponses
Par images Réponse % Correct
France / Paris
90%
Espagne / Madrid
89%
Italie / Rome
89%
Allemagne / Berlin
88%
Belgique / Bruxelles
88%
Grèce / Athènes
87%
Portugal / Lisbonne
87%
Ukraine / Kiev
87%
Royaume-Uni / Londres
86%
Russie / Moscou
84%
Suisse / Berne
84%
Luxembourg / Luxembourg
82%
Vatican / Vatican
82%
Irlande / Dublin
81%
Norvège / Oslo
81%
Monaco / Monaco
80%
Pays-Bas / Amsterdam
80%
Suède / Stockholm
80%
Autriche / Vienne
78%
Croatie / Zagreb
77%
Pologne / Varsovie
77%
République tchèque / Prague
76%
Danemark / Copenhague
75%
Roumanie / Bucarest
75%
Finlande / Helsinki
73%
Saint-Marin / Saint-Marin
73%
Hongrie / Budapest
71%
Andorre / Andorre-la-Vieille
70%
Bulgarie / Sofia
70%
Islande / Reykjavik
69%
Albanie / Tirana
68%
Malte / La Valette
68%
Biélorussie / Minsk
65%
Estonie / Tallinn
64%
Bosnie-Herzégovine / Sarajevo
63%
Lettonie / Riga
63%
Liechtenstein / Vaduz
61%
Slovénie / Ljubljana
61%
Lituanie / Vilnius
60%
Serbie / Belgrade
60%
Slovaquie / Bratislava
60%
Macédoine du Nord / Skopje
57%
Kosovo / Pristina
56%
Moldavie / Chisinau
55%
Monténégro / Podgorica
49%
Aucun quiz correspondant
Distribution des résultats
% des personnes avec chaque résultat
Percentile par nombre de réponses
Votre historique - résultats
Vous n’avez pas pris ce quiz depuis la dernière actualisation